| 000 | 00692cam a2200217 4500 | ||
|---|---|---|---|
| 001 | WB3614-38 | ||
| 008 | 000000n2000 000 0 eng u | ||
| 035 | _a(Sirsi) u105193 | ||
| 245 | _aDepression predicted to hit land values | ||
| 260 | _c2000 | ||
| 490 |
_aEstates Gazette _v(0013) 1 April 2000, 183(1) |
||
| 520 | _aForecasts of agricultural land values contained in Farmland Market suggest that land prices could fall by 8% during 2000, but could then recover during 2001 and 2002. | ||
| 590 | _aWB | ||
| 650 | _aFARMLAND VALUES | ||
| 650 | _aFARMLAND | ||
| 650 | _aFORECASTS | ||
| 650 | _aFARMLAND MARKET | ||
| 650 | _aLAND PRICES | ||
| 690 | _aRURAL-MARKET | ||
| 942 | _n0 | ||
| 999 |
_c63087 _d63087 |
||